FORENSIC MEDICINE AND TOXICOLOGY FOR MBBS (Record no. 14965)
[ view plain ]
| 000 -LEADER | |
|---|---|
| fixed length control field | 00356nam a22001577a 4500 |
| 003 - CONTROL NUMBER IDENTIFIER | |
| control field | SGT |
| 020 ## - INTERNATIONAL STANDARD BOOK NUMBER | |
| International Standard Book Number | 978-81-7739-491-7 |
| 082 ## - DEWEY DECIMAL CLASSIFICATION NUMBER | |
| Classification number | 614.1 |
| Item number | F17A |
| 100 ## - MAIN ENTRY--PERSONAL NAME | |
| Personal name | AGGRAWAL,ANIL. |
| 245 ## - TITLE STATEMENT | |
| Title | FORENSIC MEDICINE AND TOXICOLOGY FOR MBBS |
| 250 ## - EDITION STATEMENT | |
| Edition statement | 1ST |
| 260 ## - PUBLICATION, DISTRIBUTION, ETC. (IMPRINT) | |
| Place of publication, distribution, etc | DELHI |
| Name of publisher, distributor, etc | AVICHAL PUB |
| Year of Publication | 2017 |
| 300 ## - PAGE DESCRIPTION | |
| No. of Pages | 694 |
| 650 ## - SUBJECT ADDED ENTRY--TOPICAL TERM | |
| Topical term or geographic name as entry element | AYURVEDA |
| 942 ## - ADDED ENTRY ELEMENTS (KOHA) | |
| Source of classification or shelving scheme | Dewey Decimal Classification |
| Koha item type | Books |
| 942 ## - ADDED ENTRY ELEMENTS (KOHA) | |
| -- | 11 |
| Withdrawn status | Lost status | Source of classification or shelving scheme | Damaged status | Not for loan | Collection code | Home library | Current library | Shelving location | Date acquired | Vendor Name | Cost, normal purchase price | SGTU | Bill Number | Total Checkouts | Full call number | Accession No. (Barcode) | Date last seen | Date last borrowed | Bill Date | Koha item type | Total Renewals |
|---|---|---|---|---|---|---|---|---|---|---|---|---|---|---|---|---|---|---|---|---|---|
| Dewey Decimal Classification | AYURVEDA | SGT FA-FP Library | SGT FA-FP Library | Text Book | 31/01/2018 | AHUJA PUB | 795.00 | SGTU | 9136 | 4 | 614.1 F17A | FA8168 | 29/05/2024 | 14/05/2024 | 04/01/2018 | Books | |||||
| Dewey Decimal Classification | AYURVEDA | SGT FA-FP Library | SGT FA-FP Library | Text Book | 31/01/2018 | AHUJA PUB | 795.00 | SGTU | 9136 | 1 | 614.1 F17A | FA8169 | 14/09/2023 | 18/08/2023 | 04/01/2018 | Books | 1 | ||||
| Dewey Decimal Classification | AYURVEDA | SGT FA-FP Library | SGT FA-FP Library | Text Book | 31/01/2018 | AHUJA PUB | 795.00 | SGTU | 9136 | 3 | 614.1 F17A | FA8170 | 13/12/2023 | 11/12/2023 | 04/01/2018 | Books | |||||
| Dewey Decimal Classification | AYURVEDA | SGT FA-FP Library | SGT FA-FP Library | Text Book | 31/01/2018 | AHUJA PUB | 795.00 | SGTU | 9136 | 2 | 614.1 F17A | FA8171 | 09/06/2023 | 09/06/2023 | 04/01/2018 | Books | |||||
| Dewey Decimal Classification | AYURVEDA | SGT FA-FP Library | SGT FA-FP Library | Text Book | 31/01/2018 | AHUJA PUB | 795.00 | SGTU | 9136 | 2 | 614.1 F17A | FA8172 | 03/12/2024 | 03/12/2024 | 04/01/2018 | Books |